000 00779cab a2200229 4500
001 X3089
008 090401t1995 xxu||||| |||| 00| 0 eng d
035 _a(Sirsi) u28402
041 _aeng
245 _aTrading-related valuations
260 _c1995
350 _a0
490 _aCSM (Chartered Surveyor Monthly)
_v5(3) November/December 1995, 23(1)
520 _aDiscusses the relevant definitions of valuation, explaining why the trading potential of a property has not been included as a basis of valuation in the new valuation manual (red book).
650 _aESTIMATED REALISATION PRICE
650 _aEXISTING USE VALUE
650 _aOPEN MARKET VALUATION
650 _aTRADING POTENTIAL
690 _aRATING AND VALUATION
942 _n0
948 _c04/03/1997
999 _c19129
_d19129